| 000 | 01373cam a22003014a 4500 | ||
|---|---|---|---|
| 999 |
_c332434 _d332434 |
||
| 001 | 13103212 | ||
| 003 | NUST | ||
| 005 | 20171206092638.0 | ||
| 008 | 030225s2003 nyua f 001 0 eng | ||
| 010 | _a 2003044514 | ||
| 020 | _a0071402004 (alk. paper) | ||
| 040 |
_aDLC _cDLC _dDLC |
||
| 042 | _apcc | ||
| 050 | 0 | 0 |
_aTD405 _b.W6624 2003 |
| 082 | 0 | 0 |
_a628.742 WOO _221 |
| 100 | 1 |
_aWoodson, R. Dodge _q(Roger Dodge), _d1955- _96942 |
|
| 245 | 1 | 0 |
_aWater wells and septic systems handbook / _cR. Dodge Woodson. |
| 246 | 1 | 4 | _aWater wells & septic systems handbook |
| 260 |
_aNew York : _bMcGraw-Hill, _cc2003. |
||
| 300 |
_axx, 449 p. : _bill. ; _c24 cm. |
||
| 500 | _aIncludes index. | ||
| 501 | _aH.B | ||
| 650 | 0 |
_aWells _vHandbooks, manuals, etc. _96943 |
|
| 650 | 0 |
_aSeptic tanks _vHandbooks, manuals, etc. _96944 |
|
| 856 | 4 | 2 |
_3Contributor biographical information _uhttp://www.loc.gov/catdir/bios/mh041/2003044514.html |
| 856 | 4 | 1 |
_3Table of contents _uhttp://www.loc.gov/catdir/toc/mh031/2003044514.html |
| 906 |
_a7 _bcbc _corignew _d1 _eocip _f20 _gy-gencatlg |
||
| 942 |
_2ddc _cBK _kIESE |
||